000
00243nam a2200109Ia 4500
008
190906s9999||||xx |||||||||||||| ||und||
100
_a
Raymond Frost
245
0
_a
E Marketing
260
_a
UK
_b
McGraw Hill
_c
2000
300
_a
519
942
_c
BK
999
_c
6096
_d
6096